[Event "Czech Open Rapid 2019"]
[Site "Pardubice"]
[Date "2019.07.17"]
[Round "3.27"]
[White "Korchagin, Oleg"]
[Black "Jezbera, Jiri"]
[Result "0-1"]
[WhiteElo "2056"]
[BlackElo "2133"]
[Annotator "NA"]
[PlyCount "56"]
[EventDate "2019.07.17"]
[EventType "swiss"]
[EventCountry "CZE"]
[SourceTitle "playchess.com"]
[Source "ChessBase"]
[SourceQuality "1"]

1. d4 Nf6 2. c4 g6 3. Nc3 Bg7 4. e4 d6 5. Be2 O-O 6. Nf3 e5 7. Be3 Nc6 8. d5 Ne7 9. h3 Ne8 10. g4 f5 11. gxf5 gxf5 12. Bg5 Kh8 13. Qd2 Nf6 14. Nh4 Nxe4 15. Nxe4 fxe4 16. O-O-O Qe8 17. Rdg1 Nf5 18. Qd1 Nxh4 19. Bxh4 Qf7 20. Kb1 Bf5 21. Bh5 Qd7 22. Ka1 c6 23. Qc1 cxd5 24. Rxg7 Qxg7 25. Rg1 Bg6 26. cxd5 Rac8 27. Qe3 Rf4 28. Bxg6 Rxh4 0-1

[Event "Czech Open Rapid 2019"]
[Site "Pardubice"]
[Date "2019.07.17"]
[Round "3.28"]
[White "Maiorov, Nikita"]
[Black "Odler, Daniel"]
[Result "0-1"]
[WhiteElo "2522"]
[BlackElo "2047"]
[Annotator "ChessBase"]
[PlyCount "104"]
[EventDate "2019.07.17"]
[EventType "swiss"]
[EventCountry "CZE"]
[SourceTitle "playchess.com"]
[Source "ChessBase"]
[SourceQuality "1"]

1. c4 c6 2. Nf3 d5 3. d4 Nf6 4. Nc3 dxc4 5. a4 Bf5 6. e3 e6 7. Bxc4 Nbd7 8. O-O Bb4 9. h3 O-O 10. Qe2 Bg6 11. Bd2 a5 12. Rfe1 Re8 13. Rad1 Qc7 14. Nh4 Nb6 15. Nxg6 Nxc4 16. Qxc4 hxg6 17. e4 Qd7 18. Bg5 b5 19. Qb3 Rab8 20. Re3 Qa7 21. Bxf6 gxf6 22. h4 Red8 23. Red3 Rd7 24. Ne2 bxa4 25. Qxa4 c5 26. d5 c4 27. Rf3 Kg7 28. h5 g5 29. Nd4 Rc8 30. h6+ Kxh6 31. Rxf6+ Kg7 32. Rf3 exd5 33. Nf5+ Kg8 34. exd5 Be7 35. d6 Bf8 36. Qb5 Rc5 37. Qa4 Qb7 38. Qc2 Qb5 39. g4 Rd5 40. Rxd5 Qxd5 41. Kg2 Bxd6 42. Qc1 Bf4 43. Qe1 Qe5 44. Qa1 Rd3 45. Rxd3 cxd3 46. Qd1 Qe2 47. Qb3 Qxg4+ 48. Ng3 Bxg3 49. fxg3 Qe4+ 50. Kh2 d2 51. Qb8+ Kg7 52. Qd6 Qe2+ 0-1

[Event "Czech Open Rapid 2019"]
[Site "Pardubice"]
[Date "2019.07.17"]
[Round "3.28"]
[White "Dobes, Vojtech"]
[Black "Hagarova, Zuzana"]
[Result "1/2-1/2"]
[WhiteElo "2212"]
[BlackElo "2294"]
[Annotator "NA"]
[PlyCount "172"]
[EventDate "2019.07.17"]
[EventType "swiss"]
[EventCountry "CZE"]
[SourceTitle "playchess.com"]
[Source "ChessBase"]
[SourceQuality "1"]

1. e4 c5 2. Nf3 Nc6 3. d4 cxd4 4. Nxd4 e5 5. Nb5 d6 6. N1c3 a6 7. Na3 Be7 8. Nc4 Be6 9. Ne3 Nf6 10. g3 Rc8 11. Bg2 Nd4 12. O-O O-O 13. f4 b5 14. a3 Qb6 15. Kh1 a5 16. Ncd5 Bxd5 17. exd5 b4 18. axb4 axb4 19. Qd3 Qc5 20. Rf2 Rfe8 21. Bd2 Nxc2 22. Rc1 Qd4 23. Qxd4 Nxd4 24. Rxc8 Rxc8 25. Bxb4 exf4 26. Rxf4 Ne2 27. Nf5 Bf8 28. Rf1 Rc2 29. Bxd6 Rxb2 30. Bxf8 Kxf8 31. Ra1 g6 32. Ra8+ Ne8 33. Nd6 Rb1+ 34. Bf1 Rxf1+ 35. Kg2 Rd1 36. Rxe8+ Kg7 37. Rxe2 Rxd5 38. Ne8+ Kf8 39. Nf6 Rf5 40. Ne4 h5 41. Rf2 Rd5 42. h4 Kg7 43. Ng5 Rd7 44. Kf3 Re7 45. Re2 Rd7 46. Kf4 Ra7 47. Rb2 Re7 48. Rb6 Ra7 49. Ne4 Ra5 50. Rb7 Rf5+ 51. Ke3 Kg8 52. Nd6 Rf1 53. Rb8+ Kg7 54. Ne8+ Kf8 55. Nc7+ Kg7 56. Nd5 Rf5 57. Ke4 Rf1 58. Rb3 Re1+ 59. Re3 Ra1 60. Ke5 Ra6 61. Nc3 Re6+ 62. Kd4 Rf6 63. Kd5 Ra6 64. Nb5 Rf6 65. Nd4 Ra6 66. Rf3 Rb6 67. Nc6 Rb7 68. Kd6 Rb6 69. Kc7 Rb5 70. Nd8 f6 71. Kd6 Re5 72. Nc6 Re1 73. Nd4 Kf7 74. Ra3 g5 75. Rf3 gxh4 76. gxh4 Re4 77. Nf5 Kg6 78. Ne7+ Kf7 79. Nd5 Rxh4 80. Nxf6 Rh1 81. Nxh5+ Kg6 82. Ng3 Re1 83. Kd5 Kg5 84. Ne4+ Kg4 85. Rf2 Ra1 86. Ke5 Ra5+ 1/2-1/2

[Event "Czech Open Rapid 2019"]
[Site "Pardubice"]
[Date "2019.07.17"]
[Round "3.29"]
[White "Pacl, Vaclav"]
[Black "Roskova, Katerina"]
[Result "0-1"]
[WhiteElo "2059"]
[BlackElo "1972"]
[Annotator "NA"]
[PlyCount "52"]
[EventDate "2019.07.17"]
[EventType "swiss"]
[EventCountry "CZE"]
[SourceTitle "playchess.com"]
[Source "ChessBase"]
[SourceQuality "1"]

1. Nf3 Nf6 2. d4 g6 3. Nc3 d5 4. Bf4 Bg7 5. e3 O-O 6. Be2 b6 7. Ne5 Bb7 8. h4 c5 9. h5 Nc6 10. hxg6 fxg6 11. Bg4 Nxg4 12. Qxg4 Nxe5 13. dxe5 Qc8 14. Qh4 h5 15. Qxe7 d4 16. Nb5 dxe3 17. fxe3 Ba6 18. Nd6 Qg4 19. c4 Rad8 20. Rh4 Qd7 21. Qg5 Qa4 22. Qxg6 Qb4+ 23. Kf1 Bxc4+ 24. Kg1 Qxb2 25. Rb1 Qe2 26. Bh6 Qf2+ 0-1

[Event "Czech Open Rapid 2019"]
[Site "Pardubice"]
[Date "2019.07.17"]
[Round "3.29"]
[White "Zdrazil, Tomas"]
[Black "Vavra, Pavel"]
[Result "0-1"]
[WhiteElo "2046"]
[BlackElo "2325"]
[Annotator "NA"]
[PlyCount "69"]
[EventDate "2019.07.17"]
[EventType "swiss"]
[EventCountry "CZE"]
[SourceTitle "playchess.com"]
[Source "ChessBase"]
[SourceQuality "1"]

1. e4 e6 2. d4 d5 3. Nd2 Nf6 4. e5 Nfd7 5. Bd3 c5 6. c3 Nc6 7. Ne2 cxd4 8. cxd4 f6 9. exf6 Nxf6 10. O-O Bd6 11. Nf3 O-O 12. Bf4 Nh5 13. Bxd6 Qxd6 14. Rc1 Bd7 15. Bb1 Rf6 16. Qd2 Rxf3 17. gxf3 Rf8 18. Qe3 Nf4 19. Nxf4 Rxf4 20. Rcd1 Qf8 21. Kh1 Qf6 22. Rg1 Rxf3 23. Qg5 Qxg5 24. Rxg5 Rxf2 25. Rg2 Rf4 26. Rgd2 Be8 27. Kg2 Bh5 28. Kg3 g5 29. Rc1 Nxd4 30. Rc8+ Kg7 31. Rc7+ Kf6 32. Rxh7 Ne2+ 33. Kg2 Rh4 34. Rh6+ Ke5 35. Rh7 0-1

[Event "Czech Open Rapid 2019"]
[Site "Pardubice"]
[Date "2019.07.17"]
[Round "3.30"]
[White "Dovzhenko, Viktor"]
[Black "Skliarov, Viktor"]
[Result "0-1"]
[WhiteElo "2031"]
[BlackElo "2309"]
[Annotator "NA"]
[PlyCount "50"]
[EventDate "2019.07.17"]
[EventType "swiss"]
[EventCountry "CZE"]
[SourceTitle "playchess.com"]
[Source "ChessBase"]
[SourceQuality "1"]

1. d4 Nf6 2. Bf4 g6 3. Nc3 Bg7 4. Qd2 O-O 5. Bh6 c5 6. Bxg7 Kxg7 7. d5 d6 8. h4 h5 9. Nh3 Bxh3 10. Rxh3 a6 11. a4 Nbd7 12. f4 b5 13. axb5 axb5 14. Rxa8 Qxa8 15. Nxb5 Ne4 16. Qd1 Qa5+ 17. Nc3 Rb8 18. Qd3 Ndf6 19. b3 Ra8 20. Re3 Nxc3 21. Kf2 Ng4+ 22. Kf3 Nxe3 23. Kxe3 Qa1 24. Kf2 Nd1+ 25. Kg1 Qd4+ 0-1

[Event "Czech Open Rapid 2019"]
[Site "Pardubice"]
[Date "2019.07.17"]
[Round "3.30"]
[White "Mandak, Miroslav"]
[Black "Hagemann, Sven"]
[Result "1-0"]
[WhiteElo "1993"]
[BlackElo "2014"]
[Annotator "NA"]
[PlyCount "143"]
[EventDate "2019.07.17"]
[EventType "swiss"]
[EventCountry "CZE"]
[SourceTitle "playchess.com"]
[Source "ChessBase"]
[SourceQuality "1"]

1. e4 Nf6 2. Nc3 c6 3. e5 Nd5 4. Nf3 d6 5. Nxd5 cxd5 6. exd6 Qxd6 7. d4 Nc6 8. c3 Bg4 9. Be2 e6 10. O-O Be7 11. h3 Bxf3 12. Bxf3 O-O 13. g3 Rac8 14. b3 b5 15. Bb2 b4 16. Qd2 bxc3 17. Bxc3 h6 18. Rfd1 Bg5 19. Qb2 Bf6 20. h4 Qd7 21. Qd2 Qb7 22. Bg2 Be7 23. Rab1 Bb4 24. Rbc1 Bxc3 25. Rxc3 Ne7 26. Rd3 Rc7 27. Qb2 Rfc8 28. R1d2 Rc1+ 29. Kh2 Qc7 30. Bf3 Nf5 31. Kh3 Re1 32. Bd1 Nd6 33. Rc2 Qa5 34. Rxc8+ Nxc8 35. b4 Qb5 36. Qd2 Rxd1 37. Qxd1 Qxb4 38. Rb3 Qc4 39. Rb8 g6 40. Qb3 Qc7 41. Qb7 Qxb7 42. Rxb7 Kg7 43. Rc7 Nb6 44. Rxa7 Kf6 45. a4 Nc4 46. a5 e5 47. dxe5+ Kxe5 48. a6 d4 49. Kg2 d3 50. Kf1 f5 51. Rb7 Nd6 52. a7 Nxb7 53. a8=Q Nd6 54. Ke1 Ne4 55. Qa1+ Kd5 56. Qg7 Kc4 57. Qxg6 Kc3 58. Qc6+ Kb2 59. Qb6+ Kc2 60. Qc6+ Nc3 61. Qd7 Ne4 62. Qc6+ Nc3 63. Qd7 Ne4 64. Qc8+ Nc3 65. Qxf5 Nb1 66. g4 Nc3 67. g5 hxg5 68. hxg5 Nb5 69. g6 Na3 70. g7 Kc1 71. Qxd3 Nc2+ 72. Qxc2+ 1-0

[Event "Czech Open Rapid 2019"]
[Site "Pardubice"]
[Date "2019.07.17"]
[Round "3.31"]
[White "Nun, Jiri"]
[Black "Poleg, Matan"]
[Result "1/2-1/2"]
[WhiteElo "2296"]
[BlackElo "2029"]
[Annotator "NA"]
[PlyCount "82"]
[EventDate "2019.07.17"]
[EventType "swiss"]
[EventCountry "CZE"]
[SourceTitle "playchess.com"]
[Source "ChessBase"]
[SourceQuality "1"]

1. e4 e5 2. Nf3 Nc6 3. Bc4 Bc5 4. b4 Bb6 5. c3 Nf6 6. d3 d6 7. a4 a5 8. b5 Ne7 9. O-O h6 10. Be3 Bxe3 11. fxe3 Ng6 12. Nbd2 O-O 13. Qe1 c6 14. Nh4 Nxh4 15. Qxh4 Be6 16. Bxe6 fxe6 17. Rab1 Nd7 18. Qxd8 Raxd8 19. Rxf8+ Kxf8 20. bxc6 bxc6 21. Nc4 Nc5 22. Nxa5 Nxa4 23. c4 Nc5 24. Nxc6 Rc8 25. Na7 Ra8 26. Nb5 Ke7 27. Rd1 Ra2 28. h3 Re2 29. Ra1 Nxd3 30. Ra7+ Kf8 31. Nxd6 Rxe3 32. Rc7 Re1+ 33. Kh2 Rc1 34. Nb7 h5 35. h4 Nf2 36. Nd8 Ng4+ 37. Kh3 Rc3+ 38. g3 Rc2 39. Nxe6+ Ke8 40. Nxg7+ Kd8 41. Ne6+ Ke8 1/2-1/2

[Event "Czech Open Rapid 2019"]
[Site "Pardubice"]
[Date "2019.07.17"]
[Round "3.31"]
[White "EFFENBERGER, Adam"]
[Black "SVOBODA, Petr"]
[Result "1-0"]
[WhiteElo "1803"]
[BlackElo "2023"]
[Annotator "NA"]
[PlyCount "80"]
[EventDate "2019.07.17"]
[EventType "swiss"]
[EventCountry "CZE"]
[SourceTitle "playchess.com"]
[Source "ChessBase"]
[SourceQuality "1"]

1. e4 e5 2. f4 Bc5 3. Nc3 d6 4. Nf3 Nc6 5. Bb5 Nf6 6. fxe5 dxe5 7. d3 O-O 8. Bxc6 bxc6 9. Qe2 Bg4 10. Be3 Bd6 11. O-O Nh5 12. Qf2 a5 13. h3 Bd7 14. Na4 f5 15. exf5 Nf4 16. Nc5 Bxf5 17. Nb7 Qf6 18. Nxd6 cxd6 19. Bxf4 exf4 20. Nd4 Bd7 21. c3 c5 22. Nf3 Qg6 23. Qh4 Rae8 24. d4 c4 25. Rae1 h6 26. Rxe8 Rxe8 27. Qxf4 Re4 28. Nh4 Qe8 29. Qxd6 Rxh4 30. Qd5+ Be6 31. Qxa5 Qg6 32. Qd8+ Kh7 33. Qxh4 Qc2 34. Qf2 Qa4 35. Qf4 Qc6 36. Re1 Bd5 37. Qg3 Qf6 38. Re5 Bf7 39. Qf3 Qg6 40. Qe4 Qxe4 1-0

[Event "Czech Open Rapid 2019"]
[Site "Pardubice"]
[Date "2019.07.17"]
[Round "3.32"]
[White "Brejnik, Gustav"]
[Black "Myshakov, Fyodor"]
[Result "0-1"]
[WhiteElo "2179"]
[BlackElo "2295"]
[Annotator "NA"]
[PlyCount "94"]
[EventDate "2019.07.17"]
[EventType "swiss"]
[EventCountry "CZE"]
[SourceTitle "playchess.com"]
[Source "ChessBase"]
[SourceQuality "1"]

1. d4 d5 2. c4 dxc4 3. e4 Nf6 4. e5 Nd5 5. Bxc4 Nb6 6. Bb3 c6 7. e6 Bxe6 8. Bxe6 fxe6 9. Qh5+ g6 10. Qe5 Rg8 11. Qxe6 Qd5 12. Qxd5 cxd5 13. Nc3 Nc6 14. Nge2 Bg7 15. Be3 O-O-O 16. Rc1 e6 17. O-O Nc4 18. Bg5 Rde8 19. Nb5 Kd7 20. b3 Nd6 21. Nxd6 Kxd6 22. Bf4+ Kd7 23. b4 Rc8 24. Rfd1 Ne7 25. b5 Nf5 26. Be5 Bxe5 27. dxe5 g5 28. g4 Nh4 29. Nd4 Rxc1 30. Rxc1 Rf8 31. b6 axb6 32. Rc7+ Kxc7 33. Nxe6+ Kc6 34. Nxf8 h6 35. f4 gxf4 36. Kf2 f3 37. Kg3 d4 38. Kf2 Kd5 39. e6 Kd6 40. a4 Ke7 41. Nd7 Kxe6 42. Nxb6 Ke5 43. a5 Ke4 44. Nc4 d3 45. Nd2+ Kd4 46. Kg3 Ke3 47. Nc4+ Ke2 0-1

[Event "Czech Open Rapid 2019"]
[Site "Pardubice"]
[Date "2019.07.17"]
[Round "3.32"]
[White "Rohan Bharat Joshi"]
[Black "Yakimenko, Alexander A."]
[Result "1-0"]
[WhiteElo "1901"]
[BlackElo "2057"]
[Annotator "NA"]
[PlyCount "161"]
[EventDate "2019.07.17"]
[EventType "swiss"]
[EventCountry "CZE"]
[SourceTitle "playchess.com"]
[Source "ChessBase"]
[SourceQuality "1"]

1. e4 e5 2. Nf3 Nc6 3. Nc3 Nge7 4. d4 exd4 5. Nxd4 Nxd4 6. Qxd4 Nc6 7. Qe3 Nb4 8. Bd3 Nxd3+ 9. cxd3 c6 10. Qg3 Qf6 11. O-O Bc5 12. Be3 d6 13. e5 Qg6 14. d4 Bb4 15. a3 Bxc3 16. bxc3 Qxg3 17. hxg3 dxe5 18. dxe5 Be6 19. Bc5 b6 20. Bd6 O-O-O 21. f4 g6 22. Rab1 Kb7 23. Kf2 h5 24. Rh1 Rd7 25. Ke3 Rhd8 26. Rbd1 c5 27. Rd2 Kc6 28. Rhd1 a5 29. Rb1 a4 30. Rdb2 Rb7 31. Rd2 Rbd7 32. Rdb2 Bb3 33. Kf3 Re8 34. g4 hxg4+ 35. Kxg4 Rh8 36. Kg3 Rh5 37. Rf1 Kd5 38. Rbf2 Bc4 39. Rb1 Kc6 40. Rfb2 Bb3 41. Rd2 Rd8 42. Rf1 Bc4 43. Rfd1 Rd7 44. Rb1 Be6 45. Rdb2 Rb7 46. Rd2 g5 47. Rf1 gxf4+ 48. Rxf4 Rd7 49. Rxa4 Rd8 50. Rf2 Rg8+ 51. Kf3 Bd5+ 52. Ke3 Rg3+ 53. Kd2 Rh2 54. c4 Be6 55. Ra7 Bxc4 56. Rc7+ Kd5 57. Rcxf7 Rhxg2 58. Bc7 Rxf2+ 59. Rxf2 b5 60. e6 Kxe6 61. Bxg3 b4 62. axb4 cxb4 63. Kc2 Kd5 64. Rd2+ Kc5 65. Bd6+ Kb5 66. Kb2 Be6 67. Re2 Bc4 68. Re5+ Ka4 69. Rc5 Be6 70. Re5 Bc4 71. Rc5 Be6 72. Rc7 Kb5 73. Bf8 Ka4 74. Rb7 b3 75. Kc3 Bd5 76. Rb8 Bf7 77. Bb4 Be6 78. Re8 Bd7 79. Re5 Bb5 80. Re1 b2 81. Bf8 1-0

[Event "Czech Open Rapid 2019"]
[Site "Pardubice"]
[Date "2019.07.17"]
[Round "3.33"]
[White "CHRZ, Pavel"]
[Black "MOGILNY, Jevgeni"]
[Result "1-0"]
[WhiteElo "2008"]
[BlackElo "1853"]
[Annotator "NA"]
[PlyCount "55"]
[EventDate "2019.07.17"]
[EventType "swiss"]
[EventCountry "CZE"]
[SourceTitle "playchess.com"]
[Source "ChessBase"]
[SourceQuality "1"]

1. e4 e5 2. Nf3 Nc6 3. Bb5 d6 4. d4 exd4 5. Nxd4 Bd7 6. O-O Be7 7. Nc3 Nf6 8. Nf5 Bxf5 9. exf5 O-O 10. Bg5 h6 11. Bh4 a6 12. Bxc6 bxc6 13. Re1 d5 14. Qf3 Re8 15. Re2 Nh7 16. Rae1 f6 17. Qh5 Kf8 18. Qg6 Kg8 19. Na4 Nf8 20. Qh5 Nd7 21. Bg3 Kf8 22. Qg6 Rb8 23. Qh7 Kf7 24. Bf4 Nf8 25. Qh8 Qd7 26. Re6 Bd6 27. Bxh6 gxh6 28. Rxf6# 1-0

[Event "Czech Open Rapid 2019"]
[Site "Pardubice"]
[Date "2019.07.17"]
[Round "3.33"]
[White "Nemec, Jachym"]
[Black "Rytenko, Vsevolod"]
[Result "0-1"]
[WhiteElo "1948"]
[BlackElo "2268"]
[Annotator "NA"]
[PlyCount "22"]
[EventDate "2019.07.17"]
[EventType "swiss"]
[EventCountry "CZE"]
[SourceTitle "playchess.com"]
[Source "ChessBase"]
[SourceQuality "1"]

1. d4 g6 2. Nf3 Bg7 3. c4 c5 4. Nc3 cxd4 5. Nxd4 Nc6 6. Nxc6 bxc6 7. g3 Bxc3+ 8. bxc3 Qa5 9. Qd3 Nf6 10. Bg2 Ba6 11. Bg5 Qxg5 0-1

[Event "Czech Open Rapid 2019"]
[Site "Pardubice"]
[Date "2019.07.17"]
[Round "3.34"]
[White "Gagare, Shalmali"]
[Black "Grabinsky, Vladimir"]
[Result "1/2-1/2"]
[WhiteElo "2058"]
[BlackElo "2226"]
[Annotator "NA"]
[PlyCount "58"]
[EventDate "2019.07.17"]
[EventType "swiss"]
[EventCountry "CZE"]
[SourceTitle "playchess.com"]
[Source "ChessBase"]
[SourceQuality "1"]

1. e4 c5 2. Nf3 e6 3. d4 cxd4 4. Nxd4 a6 5. c4 Nf6 6. Nc3 Bb4 7. Qd3 Nc6 8. Be2 Qc7 9. Bd2 O-O 10. Nc2 Ne5 11. Qg3 Bd6 12. f4 Nxc4 13. e5 Nxe5 14. fxe5 Bxe5 15. Qh4 d5 16. Nd4 Qb6 17. Nf3 Bd6 18. Na4 Qa7 19. Qd4 Qxd4 20. Nxd4 e5 21. Nb6 Rb8 22. Nxc8 Rfxc8 23. Nf5 Bc5 24. Rc1 Ne4 25. Rf1 Rc6 26. Bd3 Nxd2 27. Kxd2 e4 28. Bb1 Rbc8 29. Rxc5 Rxc5 1/2-1/2

[Event "Czech Open Rapid 2019"]
[Site "Pardubice"]
[Date "2019.07.17"]
[Round "3.34"]
[White "Gorbatenko, Alexander"]
[Black "Eliseev, Sergey"]
[Result "0-1"]
[WhiteElo "2048"]
[BlackElo "2053"]
[Annotator "NA"]
[PlyCount "142"]
[EventDate "2019.07.17"]
[EventType "swiss"]
[EventCountry "CZE"]
[SourceTitle "playchess.com"]
[Source "ChessBase"]
[SourceQuality "1"]

1. d4 Nf6 2. c4 g6 3. Nc3 Bg7 4. e4 d6 5. Be2 O-O 6. Bg5 Nbd7 7. Qd2 e5 8. Nf3 c6 9. O-O exd4 10. Nxd4 Nc5 11. f3 Nfxe4 12. Nxe4 Nxe4 13. fxe4 Bxd4+ 14. Kh1 Qb6 15. Be7 Re8 16. Bxd6 Qxb2 17. Qf4 f6 18. Rad1 g5 19. Qf3 g4 20. Qf4 Be5 21. Qe3 Be6 22. c5 Bxd6 23. Rxd6 Qe5 24. g3 Rad8 25. Rfd1 Bd5 26. Bxg4 Rxd6 27. cxd6 Qxe4+ 28. Qxe4 Bxe4+ 29. Kg1 f5 30. Bh5 Rd8 31. Kf2 Bd5 32. Ke3 Rxd6 33. Kf4 Rd8 34. Bf3 Kf7 35. Bh5+ Kf6 36. Re1 Be4 37. g4 Rd2 38. g5+ Ke6 39. h4 Rf2+ 40. Ke3 Rxa2 41. Be8 Ra3+ 42. Kd4 Rd3+ 43. Kc4 b5+ 44. Kc5 Rc3+ 45. Kb4 Rc4+ 46. Ka3 Ke7 47. g6 hxg6 48. Bxg6 Kf6 49. Be8 Rc3+ 50. Kb4 Rh3 51. h5 Bf3 52. Rc1 Rh4+ 53. Ka3 Bxh5 54. Bxc6 b4+ 55. Ka4 Bf7 56. Bb5 Be6 57. Bd3 b3+ 58. Ka3 Rh3 59. Rd1 f4 60. Be4 Re3 61. Bb7 Ke5 62. Kb2 f3 63. Rf1 Kf4 64. Ba6 Kg3 65. Rg1+ Kf2 66. Rg6 Bf5 67. Rg7 Bd3 68. Bb7 Ke2 69. Rf7 f2 70. Bg2 Ke1 71. Kxb3 Bg6+ 0-1

[Event "Czech Open Rapid 2019"]
[Site "Pardubice"]
[Date "2019.07.17"]
[Round "3.35"]
[White "Castrillon Gomez, Melisa"]
[Black "Dixit, Nikhil"]
[Result "0-1"]
[WhiteElo "2253"]
[BlackElo "1987"]
[Annotator "NA"]
[PlyCount "76"]
[EventDate "2019.07.17"]
[EventType "swiss"]
[EventCountry "CZE"]
[SourceTitle "playchess.com"]
[Source "ChessBase"]
[SourceQuality "1"]

1. d4 Nf6 2. Nf3 g6 3. g3 Bg7 4. Bg2 O-O 5. c4 d6 6. O-O Nbd7 7. Nc3 e5 8. h3 a6 9. e4 b5 10. c5 Bb7 11. cxd6 cxd6 12. dxe5 dxe5 13. Bg5 Qb8 14. Nd5 Nxd5 15. exd5 e4 16. Nd2 f5 17. Bf4 Be5 18. Bh6 Rd8 19. Nb3 Nf6 20. Qe2 Bxd5 21. f4 Bc4 22. Qc2 Qb6+ 23. Kh2 Bd3 24. Qc5 Qxc5 25. Nxc5 Bxb2 26. Nxd3 Bxa1 27. Nc5 Bd4 28. Ne6 Rd6 29. Ng5 Rc8 30. g4 fxg4 31. Nxe4 Nxe4 32. Bxe4 Bg7 33. Bxg7 Kxg7 34. hxg4 Rd2+ 35. Kg3 Rc3+ 36. Bf3 Rxa2 37. g5 Raa3 38. Kg4 Rxf3 0-1

[Event "Czech Open Rapid 2019"]
[Site "Pardubice"]
[Date "2019.07.17"]
[Round "3.35"]
[White "CHUBAR, Vladimir"]
[Black "ILKIV, Andrii"]
[Result "1-0"]
[WhiteElo "1994"]
[BlackElo "1788"]
[Annotator "NA"]
[PlyCount "65"]
[EventDate "2019.07.17"]
[EventType "swiss"]
[EventCountry "CZE"]
[SourceTitle "playchess.com"]
[Source "ChessBase"]
[SourceQuality "1"]

1. Nf3 d5 2. d4 Nf6 3. Bf4 e6 4. Nbd2 Bd6 5. Bg5 Be7 6. e3 O-O 7. Bd3 Nbd7 8. O-O b6 9. Ne5 Bb7 10. f4 c5 11. c3 Ne4 12. Bxe7 Qxe7 13. Nxd7 Qxd7 14. Qc2 f5 15. Nf3 Rac8 16. Ne5 Qe7 17. Qe2 Rf6 18. Rf3 Rh6 19. Kh1 Qh4 20. h3 Ng3+ 21. Rxg3 Qxg3 22. Ba6 Bxa6 23. Qxa6 Rc7 24. Qb5 Kf8 25. dxc5 Qxe3 26. cxb6 axb6 27. Qa6 Qxf4 28. Re1 Qg3 29. Re2 Rh4 30. Qxb6 Re7 31. Qb8+ Re8 32. Nd7+ Kf7 33. Qxg3 1-0

[Event "Czech Open Rapid 2019"]
[Site "Pardubice"]
[Date "2019.07.17"]
[Round "3.36"]
[White "MINDL, Josef"]
[Black "JUCHELKA, Petr"]
[Result "1-0"]
[WhiteElo "1986"]
[BlackElo "1624"]
[Annotator "NA"]
[PlyCount "60"]
[EventDate "2019.07.17"]
[EventType "swiss"]
[EventCountry "CZE"]
[SourceTitle "playchess.com"]
[Source "ChessBase"]
[SourceQuality "1"]

1. e4 e5 2. Nf3 Nf6 3. d4 exd4 4. e5 Qe7 5. Be2 Nd5 6. O-O c5 7. c3 Nc6 8. cxd4 cxd4 9. Re1 Qe6 10. Nxd4 Nxd4 11. Qxd4 Nb6 12. Nc3 Be7 13. Nb5 Qc6 14. Bd2 O-O 15. Rac1 Qd5 16. Qe3 Bd8 17. a4 a6 18. Bf3 Qe6 19. Nd4 Qe7 20. a5 Na4 21. b3 Nc5 22. Nf5 Qe6 23. Qxc5 Qxf5 24. Be4 Qe6 25. Bd5 Qg6 26. b4 Rb8 27. Qa7 Qd3 28. Qxb8 Qxd2 29. Qd6 Qg5 30. Rxc8 Be7 1-0

[Event "Czech Open Rapid 2019"]
[Site "Pardubice"]
[Date "2019.07.17"]
[Round "3.36"]
[White "Voriskova, Anna"]
[Black "Skliba, Martin"]
[Result "0-1"]
[WhiteElo "1675"]
[BlackElo "2306"]
[Annotator "NA"]
[PlyCount "90"]
[EventDate "2019.07.17"]
[EventType "swiss"]
[EventCountry "CZE"]
[SourceTitle "playchess.com"]
[Source "ChessBase"]
[SourceQuality "1"]

1. e4 c5 2. Nf3 e6 3. d3 Nc6 4. g3 Nge7 5. Bg2 d5 6. O-O b6 7. Re1 dxe4 8. dxe4 Qxd1 9. Rxd1 Bb7 10. Nc3 Ng6 11. Be3 Be7 12. Rd2 Nge5 13. Nxe5 Nxe5 14. b3 Bc6 15. h3 Bf6 16. Rad1 O-O 17. Ne2 Ng6 18. Rd6 Rac8 19. f4 Be7 20. R6d2 c4 21. Nd4 Bb4 22. Re2 Rfd8 23. Rb1 Bb7 24. Nb5 Ba6 25. a4 cxb3 26. Rxb3 Bc5 27. Bxc5 Rxc5 28. Rb2 h5 29. Kf2 h4 30. Bf3 hxg3+ 31. Kxg3 e5 32. fxe5 Nxe5 33. Rg2 Bxb5 34. axb5 Rc3 35. Rf2 Rd6 36. Rb3 Rxb3 37. cxb3 Rd3 38. Kf4 Ng6+ 39. Kg5 Rxb3 40. Bh5 Rxb5+ 41. Kg4 Ne5+ 42. Kh4 a5 43. Rf5 g6 44. Rg5 f6 45. Rg3 g5+ 0-1

[Event "Czech Open Rapid 2019"]
[Site "Pardubice"]
[Date "2019.07.17"]
[Round "3.37"]
[White "Ptacnikova, Lenka"]
[Black "Babicka, Michal"]
[Result "1-0"]
[WhiteElo "2074"]
[BlackElo "2005"]
[Annotator "NA"]
[PlyCount "101"]
[EventDate "2019.07.17"]
[EventType "swiss"]
[EventCountry "CZE"]
[SourceTitle "playchess.com"]
[Source "ChessBase"]
[SourceQuality "1"]

1. c4 c5 2. g3 Nc6 3. Bg2 Nf6 4. Nf3 e6 5. O-O d5 6. cxd5 exd5 7. d4 b6 8. Nc3 Be6 9. dxc5 bxc5 10. Bg5 Be7 11. Na4 Nd7 12. Bxe7 Qxe7 13. Rc1 O-O 14. b3 Rac8 15. Qd2 c4 16. Ng5 cxb3 17. axb3 Qb4 18. Rfd1 Qxb3 19. Nxe6 fxe6 20. Nc3 Nf6 21. Rb1 Qc4 22. Nb5 Qc5 23. e3 Ne5 24. Nd4 Qd6 25. Rb7 Nfg4 26. Rf1 Qa6 27. Re7 Qd3 28. Qxd3 Nxd3 29. Nxe6 Rf7 30. Rxf7 Kxf7 31. Bxd5 Ke7 32. Nxg7 Ngxf2 33. Nf5+ Kf6 34. Nd6 Rc2 35. Bb3 Rb2 36. Ne4+ Ke5 37. Nxf2 Nxf2 38. Rxf2 Rxb3 39. Rf7 h5 40. Rxa7 h4 41. g4 h3 42. Kf2 Kf6 43. Ra5 Kg6 44. Kf3 Rb2 45. Kg3 Re2 46. Re5 Kf6 47. Re4 Kg5 48. Kxh3 Ra2 49. Kg3 Ra3 50. Re6 Rb3 51. h4# 1-0

[Event "Czech Open Rapid 2019"]
[Site "Pardubice"]
[Date "2019.07.17"]
[Round "3.39"]
[White "Escobar Medina, Andres F"]
[Black "Morozov, Mikhail M."]
[Result "1-0"]
[WhiteElo "2296"]
[BlackElo "1997"]
[Annotator "NA"]
[PlyCount "125"]
[EventDate "2019.07.17"]
[EventType "swiss"]
[EventCountry "CZE"]
[SourceTitle "playchess.com"]
[Source "ChessBase"]
[SourceQuality "1"]

1. e4 e6 2. c4 c5 3. Nf3 Nc6 4. d4 cxd4 5. Nxd4 d6 6. Nc3 Nf6 7. Be2 Be7 8. O-O Bd7 9. Ndb5 Qb8 10. Bf4 Ne5 11. Bg3 a6 12. Nd4 O-O 13. f4 Nc6 14. Kh1 Nxd4 15. Qxd4 Bc6 16. e5 Ne8 17. Bd3 Qa7 18. Qxa7 Rxa7 19. f5 dxe5 20. Bxe5 Bf6 21. Bxf6 gxf6 22. c5 Ra8 23. Rad1 Nc7 24. fxe6 fxe6 25. Ne4 Nd5 26. Rde1 Kh8 27. Bc4 f5 28. Nd6 Rf6 29. a3 Rg8 30. Rf2 h5 31. Be2 h4 32. Bf3 Kh7 33. Nc4 Rg7 34. Ne5 Kh6 35. b4 Kh7 36. Nxc6 bxc6 37. Rfe2 Nf4 38. Rd2 Nd5 39. h3 Rfg6 40. Rd4 Rh6 41. Be2 Ra7 42. Bc4 Kg7 43. Rd2 Kf6 44. Rde2 Kf7 45. Kh2 Rg6 46. Rf2 Rg3 47. Ra1 Kf6 48. Be2 e5 49. Raf1 f4 50. Bf3 Rd7 51. Rd1 Ke6 52. Bg4+ Ke7 53. Bxd7 Kxd7 54. Rf3 Rg5 55. a4 Kc7 56. b5 axb5 57. axb5 Ne3 58. b6+ Kb7 59. Rd7+ Ka6 60. Rf2 Nc4 61. Rc2 Kb5 62. b7 Rg8 63. Ra2 1-0